CIAT en perspectiva 1994 / (Registro nro. 810)

Detalles MARC
000 -CABECERA
Campo de control 00935cam a2200253 a 4500
005 - FECHA Y HORA DE LA ULTIMA TRANSACCION
Campo de control 20200104041515.0
008 - ELEMENTOS DE LONGITUD FIJA—INFORMACION GENERAL
Campo de control 960903s1996 ck a r 00010 spa d
040 ## - FUENTE DE CATALOGACIÓN
Agencia catalogadora original la
Agencia transcriptora la
Agencia Modificadora CO-BoIAVH
041 0# - IDIOMA
Código de idioma para texto/pista de sonido o título separado Español
044 ## - PAÍS DE PUBLICACIÓN
País de publicación Colombia
082 04 - NUMERO DE CLASIFICACION DECIMAL DEWEY
Número de clasificación 630
Número del ítem C48c
100 1# - ASIENTO PRINCIPAL--NOMBRE PERSONAL
Nombre personal Chater, Simon
Término relacionado autor
9 (RLIN) 62037
245 10 - MENCION DE TITULO
Título CIAT en perspectiva 1994 /
Mención de responsabilidad texto Simon Chater y Nathan Russell ; traducción al español Alexandra Walter.
260 ## - PUBLICACION, DISTRIBUCION, ETC. (PIE DE IMPRENTA)
Lugar de publicación, distribución, etc. Bogotá (Colombia) :
Nombre del editor, distribuidor, etc. CIAT,
Fecha de publicación, distribución, etc. 1996.
300 ## - DESCRIPCION FISICA
Extensión 47 páginas :
Otros detalles físicos ilustraciones ;
Dimensiones 20 x 26 cm.
610 20 - ASIENTO SECUNDARIO DE MATERIA - NOMBRE CORPORATIVO
Nombre corporativo o nombre de la jurisdicción como elemento de entrad Centro Internacional de Agricultura Tropical (CIAT)
Subdivisión general Actividades
9 (RLIN) 86325
610 20 - ASIENTO SECUNDARIO DE MATERIA - NOMBRE CORPORATIVO
Nombre corporativo o nombre de la jurisdicción como elemento de entrad Centro Internacional de Agricultura Tropical (CIAT)
Subdivisión de forma Informes
9 (RLIN) 86326
650 26 - ASIENTO SECUNDARIO DE MATERIA - TERMINO TEMATICO
Término temático o nombre geográfico como elemento de entrada Agricultura
9 (RLIN) 304
650 26 - ASIENTO SECUNDARIO DE MATERIA - TERMINO TEMATICO
Término temático o nombre geográfico como elemento de entrada Desarrollo rural
9 (RLIN) 86328
650 26 - ASIENTO SECUNDARIO DE MATERIA - TERMINO TEMATICO
Término temático o nombre geográfico como elemento de entrada Desarrollo sostenible
9 (RLIN) 278
700 1# - ASIENTO SECUNDARIO - NOMBRE PERSONAL
Nombre personal Russell, Nathan
Término de relación autor
9 (RLIN) 65410
700 1# - ASIENTO SECUNDARIO - NOMBRE PERSONAL
Nombre personal Walter, Alexandra
Término de relación traductora
9 (RLIN) 86330
942 ## - ELEMENTOS ADICIONALES (KOHA)
Sistema de clasificación Dewey Decimal Classification
Tipo de ítem Libro
Existencias
Withdrawn status Lost status Sistema de Clasificación Damaged status No para préstamo Colección Inventariado Ubicación Permanente Ubicación actual Fecha de adquisición Fuente de Valor Valor Total Checkouts Número topográfico Inventario / Código de Barras Date last seen Ejemplar Price effective from Forma de adquisición Tipo de material
    Dewey Decimal Classification     General Inventariado 2017 Sala Fabio Quevedo Sala Fabio Quevedo 09/08/1998 Instituto 39000.00   LB-630 C48c 001148 04/12/2012 Ej. 1 04/12/2012 Donación Libro